01402nam a2200277 a 450000100100000000500170001000800410002702000150006804000250008308200200010810000410012824500520016926000360022130000270025750000570028459000260034165000280036765000310039591000400042695201330046695201330059995201330073295201180086595201240098399900170110700001502420240412074242.0100129s2006 dr 001 0 spa d a9945160087 aDO-SdBNPbspacBNPHU aRD861.44bL864p1 aLópez Larache, Joséd1955-9167210aPoemas para un olvido /cJosé López Arache. aSanto Domingo :bBúho,c2006. a33 p. :bil. ;c22 cm. aIncluye datos biográficos del autor en las solapas aInventariado, 2018/LP 0aPoesía dominicana966 0aLiteratura dominicana.967 aValidado. Control de calidad BNPHU. 001054708DSaGRbGRcHDd2010-01-29iLF1l0oRD861.44 L864pp15024-30r2020-06-25te. 3w2020-06-25yLFDSZPréstamo en sala 001054708DSaGRbGRcHDd2010-01-29iLF1l0oRD861.44 L864pp15024-40r2020-06-25te. 4w2020-06-25yLFDSZPréstamo en sala 001054708DSaGRbGRcHDd2010-01-29iLF1l0oRD861.44 L864pp15024-50r2020-06-25te. 5w2020-06-25yLFDSZPréstamo en sala 0010718PDaPDbPDcHDd2010-01-29iLF1l0oRD861.44 L864pp15024-10r2020-06-25w2020-06-25yLFPDZNo se presta 0010718PDaPDbPDcHDd2010-01-29iLF1l0oRD861.44 L864pp15024-20r2020-06-25te. 2w2020-06-25yLFPDZNo se presta c14597d14597